000 00994nam a2200265Ia 4500
003 OSt
005 20220918110945.0
006 a|||||r|||| 00| 0
007 ta
008 220915b |||||||| |||| 00| 0 hin d
020 _a8170559928 (hbk)
_cINR 75.00
024 _a86,769
037 _bGV788, 21/02/2019, Vani Prakashan
_cReference Collections
040 _aARTS
_cARTS
_bhin
041 _2hin
_ahin
082 _aP152,4:4k, 111Q6(RR)
100 _aब्रजमोहन, संपा.
245 0 _aहिन्दी अंग्रेजी कहावत कोश
246 _aHindī aangrejī kahāvat kosha
260 _aनई दिल्ली
_bवाणी प्रकाशन भारत
_c2016
300 _a62पृ0
650 _aहिन्दी भाषा
_9232
942 _hP152,4:4k, 111Q6(RR)
_cREF
999 _c115988
_d115988